Statistics for Fastest-growing Countries Quiz

Click here to take the quiz!

General Stats

  • This quiz has been taken 14 times
  • The average score is 10 of 15

Answer Stats

HintAnswer% Correct
#1Niger
100%
#12Democratic Republic of the Congo
86%
#9Uganda
86%
#6
South Sudan
79%
#4Mali
79%
#10Tanzania
79%
#13Ethiopia
71%
#2Angola
64%
#15Mozambique
64%
#7Zambia
57%
#14Cameroon
50%
#5Somalia
50%
#3Burundi
43%
#8Malawi
43%
#11Afghanistan
14%

Score Distribution

Percentile by Number Answered

Percent of People with Each Score

Your Score History

You have not taken this quiz